Бизнес-инкубаторы и предпринимательство: монография

Dettagli Bibliografici
Autore principale: Горбунов В. Л.
Riassunto:В монографии приведены результаты исследований по проблемам, связанным с ра витием сети бизнес-инкубаторов как важнейших элементов инфраструктуры для развития малого предпринимательства. Представлена методика построения бизнес-инкубаторов для регионов с различными экономическими условиями. Предложены основные организационные формы для проектирования и реализации бизнес-инкубатора. Предназначена для ученых, преподавателей вузов, чиновников федеральных и региональных структур власти, руководителей бизнес-инкубаторов и малых предприятий.
Lingua:russo
Pubblicazione: Москва, Инфра-М, 2014
Serie:Наука и практика
Soggetti:
Natura: MixedMaterials Libro
KOHA link:https://koha.lib.tpu.ru/cgi-bin/koha/opac-detail.pl?biblionumber=269817

MARC

LEADER 00000nam0a2200000 4500
001 269817
005 20231101234305.0
010 |a 9785369013168 
010 |a 978-5-16-009441-0 
035 |a (RuTPU)RU\TPU\book\292995 
090 |a 269817 
100 |a 20140922d2014 k y0rusy50 ca 
101 0 |a rus 
102 |a RU 
105 |a a z 001zy 
200 1 |a Бизнес-инкубаторы и предпринимательство  |e монография  |f В. Л. Горбунов 
210 |a Москва  |c Инфра-М  |c РИОР  |d 2014 
215 |a 218 с.  |c ил. 
225 1 |a Наука и практика 
320 |a Библиогр.: с. 212-214. 
330 |a В монографии приведены результаты исследований по проблемам, связанным с ра витием сети бизнес-инкубаторов как важнейших элементов инфраструктуры для развития малого предпринимательства. Представлена методика построения бизнес-инкубаторов для регионов с различными экономическими условиями. Предложены основные организационные формы для проектирования и реализации бизнес-инкубатора. Предназначена для ученых, преподавателей вузов, чиновников федеральных и региональных структур власти, руководителей бизнес-инкубаторов и малых предприятий. 
606 1 |a Бизнес-инкубаторы  |2 stltpush  |3 (RuTPU)RU\TPU\subj\73665  |9 86531 
610 1 |a бизнес 
610 1 |a предпринимательская деятельность 
610 1 |a предпринимательство 
610 1 |a малое предпринимательство 
610 1 |a проектирование 
610 1 |a методика 
610 1 |a создание 
610 1 |a технология 
610 1 |a клиенты 
610 1 |a образовательные услуги 
610 1 |a деловые игры 
610 1 |a кейс стадис 
610 1 |a риски 
610 1 |a инновационные подходы 
610 1 |a монографии 
686 |a У012.12  |v LBC/SL-A  |2 rubbk 
700 1 |a Горбунов  |b В. Л. 
801 1 |a RU  |b 63413507  |c 20140922 
801 2 |a RU  |b 63413507  |c 20141201  |g RCR 
942 |c BK 
959 |a 130/20140919  |d 1  |e 319,90  |f ЧЗГЛ:1